000 00567nam a2200193Ia 4500
008 090123s9999 xx 000 0 und d
082 _b39980
100 _aओशो
245 _aभक्तीत भिजला कबीर
250 _a1
260 _bमेहता प्रकाशन
_c2006
300 _a150
600 _aओशो
630 _aभक्तीत भिजला कबीर
700 _aओशो
700 _aपांडे भारती
730 _aभक्तीत भिजला कबीर
942 _cBOOK
999 _c78055
_d78055